• 首页
  • 本馆介绍
  • 公告通知
  • 最新文献
  • 馆藏检索
  • 电子资源
  • 读者导购
  • 参考咨询
  • 我的图书馆
  • 登录
  • 详细信息显示
  • 放入我的书架
  • 预约/预借图书
  • 作者相关作品
  • 分类相关作品
  • 丛书相关作品
  • 出版社相关作品

书目信息

  • 表格格式
  • 工作单格式
  • 卡片格式
题名:
叛乱的眼睛
    
 
作者: 马大康 著
分册:  
出版信息: 银川   宁夏人民出版社  2006
页数: 259页
开本: 24cm
丛书名:
单 册:
中图分类: I206.7-53 , I0-53
科图分类:
主题词: 文学研究--中国--现代--文集
电子资源:
ISBN: 7-227-03138-1
000 00869nam0 2200241 450
005 20070606203728.82
010    @a7-227-03138-1@dCNY25.00
100    @a20050510d2006 ekmy0chiy0121 ea
101 0  @achi
102    @aCN@b640000
105    @ay z 000yy
200 1  @a叛乱的眼睛@Apan luan de yan jing@e审美与文化视野中的文学@f马大康著
210    @a银川@c宁夏人民出版社@d2006
215    @a259页@d24cm
300    @a文学理论研究者及文学爱好者
330    @a本书是文学论文集。其一是探讨大众文化背景下文学的学科边界、研究范式、核心问题;其二是从审美特征、文化研究、中西比较的角度研究中国当代文学。
517 1  @a审美与文化视野中的文学@Ashen mei yu wen hua shi ye zhong de wen xue
606 0  @a文学研究@y中国@z现代@j文集
690    @aI206.7-53@v4
690    @aI0-53@v4
701  0 @a马大康@Ama da kang@4著
801    @aCN@bTJXH@c20070606
905    @a10447@dI0-53@e344
    
    叛乱的眼睛:审美与文化视野中的文学/马大康著.-银川:宁夏人民出版社,2006
    259页;24cm
    文学理论研究者及文学爱好者
    
    ISBN 7-227-03138-1:CNY25.00
    本书是文学论文集。其一是探讨大众文化背景下文学的学科边界、研究范式、核心问题;其二是从审美特征、文化研究、中西比较的角度研究中国当代文学。
●
相关链接 在E读中查询图书 在五车中查询图书 在当当中查询图书 在豆瓣中查询图书


正题名:叛乱的眼睛     索取号:I0-53/344         预约/预借

序号 登录号 条形码 馆藏地/架位号 状态 备注
1 0527161   205271613   第一样本阅览室/ [索取号:I0-53/344] 在馆    
2 0527162   205271622   第二借阅区/ [索取号:I0-53/344] 在馆    
3 0527163   205271631   第二借阅区/ [索取号:I0-53/344] 在馆    
4 0527164   205271640   第二借阅区/ [索取号:I0-53/344] 在馆    
唐山师范学院图书馆 欢迎您!
大连网信软件有限公司© 版权所有